Unemloyment and its cost to public budgets in the Czech Republic in 2010 - 2015

Metodika na posúdenie vplyvu nezamestnanosti na verejné rozpočty - prehľad doterajších štúdií a problémov. Návrh novej vhodnej metodiky a výpočet priemerných nákladov na jedného nezamestnaného z verejného rozpočtu. Porovnanie výsledkov s predošlými štúdiami a so Slovenskom ako porovnateľnou ekonomik...

Celý popis

Uložené v:
Podrobná bibliografia
Hlavný autor: Jahoda, Robert
Ďalší autori: Godarová, Jana
Médium: Kapitola
Jazyk:English
Predmet:
Tagy: Pridať tag
Žiadne tagy, Buďte prvý, kto otaguje tento záznam!

MARC

LEADER 00000naa a2200000 4500
001 0225263
005 20221019173252.9
041 0 |a eng 
044 |a SK 
245 1 0 |a Unemloyment and its cost to public budgets in the Czech Republic in 2010 - 2015  |c Robert Jahoda, Jana Godarová 
520 |a Metodika na posúdenie vplyvu nezamestnanosti na verejné rozpočty - prehľad doterajších štúdií a problémov. Návrh novej vhodnej metodiky a výpočet priemerných nákladov na jedného nezamestnaného z verejného rozpočtu. Porovnanie výsledkov s predošlými štúdiami a so Slovenskom ako porovnateľnou ekonomikou. Odporúčania na spresnenie výsledkov zvlášť pre priame a nepriame verejné náklady. Štruktúra zamestnaných a nezamestnaných osôb v období 2010-2015. 
610 2 0 |a výdavky verejné 
610 2 0 |a nezamestnanosť 
610 2 0 |a náklady priame 
610 2 0 |a náklady nepriame 
610 2 0 |a metodika 
610 2 0 |a modelovanie ekonometrické 
610 2 0 |a politika sociálna 
610 2 0 |a Česko 
100 1 |a Jahoda, Robert 
700 1 |a Godarová, Jana